Hachette Children's Yearbook & Infopedia 2026 (Record no. 213780)

MARC details
000 -LEADER
fixed length control field 00562nam a22001817a 4500
005 - DATE AND TIME OF LATEST TRANSACTION
control field 20251118141256.0
010 ## - LCCN (DPL NO)
LC control number ENG-147081
020 ## - INTERNATIONAL STANDARD BOOK NUMBER
International Standard Book Number 9789357319713
Terms of availability 399.00
035 ## - SYSTEM CONTROL NUMBER
System control number EN-130613
037 ## - SOURCE OF ACQUISITION
Source of stock number/acquisition DBAD
082 ## - DEWEY DECIMAL CLASSIFICATION NUMBER
Classification number 000
Edition number 1
245 ## - TITLE STATEMENT
Title Hachette Children's Yearbook & Infopedia 2026
260 ## - PUBLICATION, DISTRIBUTION, ETC. (IMPRINT)
Place of publication, distribution, etc Gurugram
Name of publisher, distributor, etc Hachette Book Publishing India Pvt.Ltd
Date of publication, distribution, etc 2025
270 ## - ADDRESS
Address 4th&5th Floors ,Corporate centre Plot No.94,Sector 44,
City Gurugram
Postal code 122003
300 ## - PHYSICAL DESCRIPTION
Extent 224p.
Dimensions 21.5cm(Pb)
Other physical details Index
760 ## - MAIN SERIES ENTRY
Edition 1
942 ## - ADDED ENTRY ELEMENTS (KOHA)
Source of classification or shelving scheme Dewey Decimal Classification
Item type English Books
Classification part 000
Call number suffix HAC
Edition 1
Holdings
Withdrawn status Lost status Not for loan Collection code Home library Current library Date acquired Source of acquisition Cost, normal purchase price Full call number Barcode Copy number Cost, replacement price Koha item type
      Non-fiction Mobile Library Mobile Library 18/11/2025 DBAD 399.00 000 HAC EN-130613 1 399.00 English Books

© Delhi Public Library
Hit Counter
free hit counter